000 01231cam a2200349 a 4500
999 _c39559
_d39559
001 17983177
003 OSt
005 20191025081023.0
008 880504t19881987enk 000 1 eng
010 _a88045128
020 _a0060611782 (pbk.)
020 _a9780060611781 (pbk.)
040 _beng
043 _an------
_ae-ie---
100 1 _aBuechner, Frederick,
_d1926-
245 1 0 _aBrendan :
_ba novel /
_cFrederick Buecher.
250 _a1st Perennial Library ed.
260 _aSan Francisco :
_bHarper & Row,
_cc1988, c1987.
300 _a240 p. ;
_c21 cm.
336 _atext
337 _aunmediated
338 _avolume
500 _a"PL4308"--Spine.
520 _aAn acclaimed author interweaves history and legend to re-create the life of a complex man of faith fifteen hundred years ago. Winner of the 1987 Christianity and Literature Book Award for Belles-Lettres.
600 0 0 _aBrendan,
_cSaint, the Voyager,
_dapproximately 483-577
_vFiction.
650 0 _aDiscoveries in geography
_vFiction.
650 0 _aChristian saints
_vFiction.
650 0 _aExplorers
_vFiction.
651 0 _aAmerica
_xDiscovery and exploration
_vFiction.
651 0 _aIreland
_xHistory
_yTo 1172
_vFiction.
942 _2lcc
_cBK